Návrh ojnice pre vznetový motor so zdvihovým objemom 2.0 l

Salvato in:
Dettagli Bibliografici
Autore principale: Haška, Aleksander Gustav (Autore)
Altri autori: Petrák, Peter (Relatore della tesi)
Natura: Manoscritto Libro
Lingua:slovacco
Pubblicazione: 2021
Soggetti:
Accesso online:http://is.stuba.sk/zp/portal_zp.pl?podrobnosti=150429
Tags: Aggiungi Tag
Nessun Tag, puoi essere il primo ad aggiungerne!!

MARC

LEADER 00000ntm a22000003a 4500
001 stuzp84951
003 SK-STU
005 20210717210430.4
007 ta
008 150427s2015----xo-----f-mn---000-0-slo-d
040 |a STU  |b slo 
041 0 |a slo 
100 1 |a Haška, Aleksander Gustav  |u 020030  |4 aut  |U SjF Strojnícka fakulta  |T SjF Ústav dopravnej techniky a konštruovania  |X 98679  |U J0030  |Y 806  |7 98679 
242 0 1 |a Design of a connecting rod for a diesel engine with a displacement of 2.0 l  |y eng 
245 1 0 |a Návrh ojnice pre vznetový motor so zdvihovým objemom 2.0 l 
260 |c 2021 
650 4 |a Ojnica  |2 slo 
650 4 |a Kľukový mechanizmus  |2 slo 
650 4 |a Piest motora  |2 slo 
650 4 |a Namáhanie ojníc  |2 slo 
650 4 |a Výroba ojníc  |2 slo 
650 4 |a Vznetový motor  |2 slo 
650 4 |a Pevnostný výpočet ojnice  |2 slo 
650 4 |a Connecting rod  |2 eng 
650 4 |a Crank mechanism  |2 eng 
650 4 |a Engine piston  |2 eng 
650 4 |a Production of connecting rod  |2 eng 
650 4 |a Strength calculation of connecting rod  |2 eng 
650 4 |a Connecting rod stress  |2 eng 
650 4 |a Diesel engine  |2 eng 
700 1 |a Petrák, Peter  |u 020030  |k Z1  |4 ths  |U SjF Strojnícka fakulta  |T SjF Ústav dopravnej techniky a konštruovania  |X 2414  |U J0030  |Y 806  |7 A000002414 
856 4 |u http://is.stuba.sk/zp/portal_zp.pl?podrobnosti=150429 
996 |b 284J046599  |c J* 3279/DBP  |l JJSK  |s A  |a 24  |w stuzp84951_0001